00781nam a2200265Ia 4500008004100000020001800041050001700059050002100076100001600097245002100113245007100134245001600205250001600221260001600237260003400253260000900287300001600296300002000312300001100332500002000343650003300363650003200396650004400428650004300472180523s9999 xx 000 0 und d a981-247-154-5 aMAIN QA 76.9 b.C66B33 2004 c.2 aBaase, Sara 2aA Gift of fire : 0bsocial, legal, and ethical issues for computers and the internet / 0cSara Baase. a2nd Edition aSingapore : bPearson Education South Asia, c2004 a464 pages : billustrations ; c23 cm. aIncludes index. aComputers -- Social aspects. aInternet -- Social aspects. xComputers -- Moral and ethical aspects. xInternet -- Moral and ethical aspects.